Widok standardowy
Widok MARC
Pozycja Geographic Name
Liczba rekordów, w których użyto hasła: 1
001 - Numer kontrolny
- control field: 40690
003 - Identyfikator numeru kontrolnego
- control field: NUKAT
005 - Data i czas ostatniej modyfikacji
- control field: 20260427142041.0
008 - Dane kontrolne kodowane (40 znaków)
- fixed length control field: 190806n||azznnbabn |a ana |
010 ## - Numer kontrolny Biblioteki Kongresu
- numer kontrolny LC: p 2019053988
034 ## - CODED CARTOGRAPHIC MATHEMATICAL DATA
- Coordinates - westernmost longitude: W0051401
- Coordinates - easternmost longitude: W0051401
- Coordinates - northernmost latitude: N0555422
- Coordinates - southernmost latitude: N0555422
- Source: geonames
035 ## - Numer systemowy
- numer systemowy: (PL)a1000000048113
040 ## - Instytucja sporządzająca rekord
- inst. przygot. dane do rek. khw: WA N
- język haseł przedmiotowych/tezaurus: DBN
- inst. wprow. rek. khw: WA N
043 ## - Kod obszaru geograficznego
- ISO code: GB
151 ## - Hasło - nazwa geograficzna
- nazwa geograficzna: Tighnabruaich (Wielka Brytania)
368 ## - Other Attributes
- Juris type: Wsie
670 ## - Źródło informacji
- źródło informacji: Nie tylko Rothesay / Krzysztof Kaczmarski. W: Studia z dziejów Polskich Sił Zbrojnych na Zachodzie (1939-1947). - Rzeszów ; Warszawa, 2019.
675 ## - Źródło nie podające informacji
- wskazanie źródła: KSNG